| 000 | 00918nam a22002177a 4500 | ||
|---|---|---|---|
| 999 |
_c302 _d302 |
||
| 003 | AR-CdUCM | ||
| 008 | 190222b ||||| |||| 00| 0 spa d | ||
| 020 | _a8437604974 | ||
| 040 |
_aMUNICIPALIDAD PROVINCIAL DEL CUSCO _cBIBLIOTECA MUNICIPAL DEL CUSCO |
||
| 082 |
_a 869.56 / _bD68 |
||
| 100 |
_aDíaz Herrera, Jorge _91241 |
||
| 245 | _aLa agonía del inmortal / | ||
| 260 |
_aMadrid : _bEdiciones Cátedra, _c1984. |
||
| 300 |
_a277 páginas ; _c25 cm. |
||
| 505 | _aUn viejo coronel agoniza al pie de sus medallas y, en su interminable charla con su mayordomo, recrea su existencia. Ajeno a todo lamento y encendido por el entusiasmo de no haber vivido en vano, vuelve a ser lo que fue en las versiones que él considera más justas. | ||
| 650 |
_aNarrativa Contemporánea _9227 |
||
| 650 |
_aNarrativa Peruana _9226 |
||
| 650 |
_aJorge Díaz Herrera _91242 |
||
| 942 |
_2ddc _cLIBROS |
||
| 945 |
_alccs _d2019-02-22 |
||